01466cam a2200265 a 450000100100000000500170001000800410002702000150006804000250008308200190010810000410012724000990016824502660026726001660053330000330069950400340073253401190076665000340088565000640091965000680098365000260105170000490107770000340112670000400116000001089820200929162320.0960214s1994 ck a b 000 0 spa  a9589057454 aDO-SdBNPbspacBNPHU a581.634bS386b1 aSchultes, Richard Evans,d1915-2001.10aVine of the soul: medicine, men, their plants and rituals in the Colombia Amazona.lEspañol.13aEl bejuco del alma :blos médicos tradicionales de la amazonia colombiana, sus plantas y sus rituales /cRichard Evans Schultes, Robert F. Raffauf ; prólogo de Ghillean T. Prance ; epílogo de Michael J. Balick ; traduccíon, Carlos Alberto Uribe Tobón. aSantafé de Bogota :bUniandes :aMedellín :bUniversidad de Antioquia :aSantafé de Bogotá :bUniversidad de Antioquia :bBanco de la República,c1994. avii, 284 p. :bil. ;c26 cm. aBibliografía: (p. 281-284). pTítulo original en inglés:tVine of the soul: medicine, men, their plants and rituals in the Colombia Amazona. 4aPlantas medicinaleszColombia 4aIndígenas de américa del surxEtnobotánicazColombia. 4aIndígenas de américa del surzColombiaxRitos y ceremonias. 4aChamanismozColombia.1 aRaffauf, Robert F.q(Robert Francis),d1916-1 aPrance, Ghillean T.,epról.1 aUribe Tobón, Carlos Alberto,etr.